000 01366cam a2200325 a 4500
999 _c342675
_d342675
001 15405115
003 NUST
005 20180115150915.0
008 080808s2008 onc b 001 0 eng
010 _a 2008276525
016 _a20079055451
020 _a9780195429046
020 _a0195429044
035 _a(OCoLC)ocn173248557
040 _aNLC
_beng
_cNLC
_dBTCTA
_dBAKER
_dVP@
_dDLC
042 _alccopycat
050 0 0 _aJC355
_b.A63 2008
082 0 4 _a321.02
_bAND
100 1 _aAnderson, George,
_d1945-
_98378
245 1 0 _aFederalism :
_ban introduction /
_cGeorge Anderson.
260 _aToronto ;
_aNew York :
_bOxford University Press,
_c2008.
300 _aviii, 88 p. ;
_c18 cm.
504 _aIncludes bibliographical references (p. 84-85) and index.
650 0 _aFederal government.
_98379
856 4 2 _3Publisher description
_uhttp://www.loc.gov/catdir/enhancements/fy0907/2008276525-d.html
856 4 1 _3Table of contents only
_uhttp://www.loc.gov/catdir/enhancements/fy0907/2008276525-t.html
856 4 2 _3Contributor biographical information
_uhttp://www.loc.gov/catdir/enhancements/fy0917/2008276525-b.html
906 _a7
_bcbc
_ccopycat
_d3
_encip
_f20
_gy-gencatlg
942 _2ddc
_cBK